Firms' protection over big negligence claims (Record no. 66712)
[ view plain ]
| 000 -LEADER | |
|---|---|
| fixed length control field | 01076cam a2200217 4500 |
| 001 - CONTROL NUMBER | |
| control field | WB3715-25 |
| 008 - FIXED-LENGTH DATA ELEMENTS--GENERAL INFORMATION | |
| fixed length control field | 000000n2001 000 0 eng u |
| 035 ## - SYSTEM CONTROL NUMBER | |
| System control number | (Sirsi) u111970 |
| 245 ## - TITLE STATEMENT | |
| Title | Firms' protection over big negligence claims |
| 260 ## - PUBLICATION, DISTRIBUTION, ETC. | |
| Date of publication, distribution, etc. | 2001 |
| 490 ## - SERIES STATEMENT | |
| Series statement | Financial Times |
| Volume/sequential designation | 6 April 2001, 6(1) |
| 520 ## - SUMMARY, ETC. | |
| Summary, etc. | Outlines the implications of the rules in force from 6 April 2001 which allow professional services firms to protect themselves against big negligence claims, by converting to limited liability partnerships (LLPs). The new LLPs will protect partners' personal assets, but limited liability firms will have to reveal audited assets. Four out of the seven largest accountancy firms indicate they plan to convert to LLPs, whilst the largest law firms are more cautious at the present. |
| 590 ## - LOCAL NOTE (RLIN) | |
| Local note | WB |
| 650 ## - SUBJECT ADDED ENTRY--TOPICAL TERM | |
| Topical term or geographic name entry element | NEGLIGENCE CLAIMS |
| 650 ## - SUBJECT ADDED ENTRY--TOPICAL TERM | |
| Topical term or geographic name entry element | LIMITED LIABILITY PARTNERSHIPS |
| 650 ## - SUBJECT ADDED ENTRY--TOPICAL TERM | |
| Topical term or geographic name entry element | ACCOUNTANCY FIRMS |
| 650 ## - SUBJECT ADDED ENTRY--TOPICAL TERM | |
| Topical term or geographic name entry element | LAW FIRMS |
| 650 ## - SUBJECT ADDED ENTRY--TOPICAL TERM | |
| Topical term or geographic name entry element | AUDITED ACCOUNTS |
| 690 ## - LOCAL SUBJECT ADDED ENTRY--TOPICAL TERM (OCLC, RLIN) | |
| Topical term or geographic name as entry element | MANAGEMENT-BUSINESS MANAGEMENT-PROFESSIONAL PRACTICE |
| 942 ## - ADDED ENTRY ELEMENTS (KOHA) | |
| Suppress in OPAC | 0 |
| Withdrawn status | Lost status | Source of classification or shelving scheme | Damaged status | Not for loan | Home library | Current library | Shelving location | Date acquired | Total Checkouts | Full call number | Barcode | Date last seen | Copy number | Price effective from | Koha item type |
|---|---|---|---|---|---|---|---|---|---|---|---|---|---|---|---|
| Dewey Decimal Classification | London | London | News article | 10/04/2001 | WB3715-25 | 111970-1001 | 06/08/2019 | 1 | 06/08/2019 | News article |